| 000 | 00764nam a2200229 i 4500 | ||
|---|---|---|---|
| 001 | 179919 | ||
| 003 | ES-MaACL | ||
| 005 | 20250905132105.0 | ||
| 008 | 120224s2009 sp |||| | spa d | ||
| 080 | _a821.134.2-14"20" | ||
| 100 | 1 |
_aDíez, Gorka, _d1977- _9149460 |
|
| 245 | 1 | 0 |
_aCuando aprieta el frío / _cGorka Díez. |
| 260 |
_aCuenca : _bDiputación Provincial de Cuenca, _c[2009] |
||
| 300 |
_a133 p. ; _c21 cm. |
||
| 490 | 1 |
_aPapel mojado ; _v1 |
|
| 700 | 1 |
_aGarcía, José Ángel, _d1948- _9149461 |
|
| 710 | 1 |
_aCuenca (Provincia). _bDiputación Provincial. _93346 |
|
| 830 | 0 |
_aPapel mojado ; _v1 _9224564 |
|
| 852 |
_aES-MaACL _jA-11997 _9186823 _bR.146787 _cDEPO1 _dOlim: N-5002 |
||
| 942 |
_2udc _cMONOGRAFIA |
||
| 999 |
_c179919 _d179919 |
||